Fc Everton - Tous les joueurs de 2010 à 2025 - Statistiques

Statistiques générales
  • Ce quiz a été pris 122 fois
    36 depuis la dernière actualisation
  • Le résultat moyen est 34 sur 154
Statistiques - réponses
Saisons Nationalité Joueur Nombre
De Matchs
Poste % Correct
2017 - Angleterre JordanPickford 319 G
95%
2016 - 20192022 - 2025 Sénégal IdrissaGueye 211 M
82%
2010 - 2014 Sénégal MagayeGueye 39 A
82%
2013 - 2017 Belgique RomeluLukaku 166 A
82%
2019 - 2020 Italie MoiseKean 39 A
77%
2009 - Irlande SeamusColeman 428 D
77%
2020 - 2025 Mali AbdoulayeDoucouré 166 M
73%
2018 - 2022 France LucasDigne 127 D
73%
2016 - 2025 Angleterre DominicCalvert -Lewin 273 A
64%
2017 - 2022 Islande GylfiSigurdsson 156 M
64%
2020 - 2021 Colombie JamesRodríguez 26 M
64%
2007 - 2020 Angleterre LeightonBaines 420 D
64%
2017 - Angleterre MichaelKeane 230 D
64%
2019 - 2023 Nigéria AlexIwobi 138 A
59%
2018 - 2022 Brésil Richarlison 152 A
59%
2006 - 2016 États - Unis TimHoward 414 G
59%
2018 - 2023 Colombie YerryMina 99 D
59%
2022 - 2024 Belgique AmadouOnana 72 M
55%
2022 - Angleterre JamesTarkowski 119 D
55%
2012 - 2018 Belgique KevinMirallas 186 A
55%
2015 - 2016 Uruguay LeandroRodríguez 1 A
55%
2007 - 2019 Angleterre PhilJagielka 385 D
50%
2021 - Ukraine VitaliyMykolenko 122 D
50%
2002 - 20042017 - 2018 Angleterre WayneRooney 117 M/A
50%
2020 - 2022 Brésil Allan 57 M
45%
2013 - 2017 Angleterre GarethBarry 155 M
45%
2008 - 2013 Belgique MarouaneFellaini 177 M
45%
2018 - 20222023 - 2024 Portugal AndréGomes 114 M
41%
2023 - 2025 Angleterre AshleyYoung 70 D
41%
2024 - Sénégal IlimanNdiaye 37 A
41%
2017 - 2023 Angleterre AnthonyGordon 78 A
36%
2023 - Guinée - Bissau Beto 71 A
36%
2017 - 2022 Turquie CenkTosun 61 A
36%
2021 - 2023 Jamaique DemaraiGray 75 A
36%
2012 - 2016 Angleterre JohnStones 95 D
36%
2022 - 2023 France NealMaupay 29 A
36%
2016 - 2018 RépubliqueDémocratique Du Congo YannickBolasie 32 A
36%
2021 - 2022 Angleterre DeleAlli 13 M
32%
2019 - 20222023 - Angleterre JarradBranthwaite 86 D
32%
2011 - 2017 Angleterre RossBarkley 179 M
32%
2007 - 2016 AfriqueDu Sud StevenPienaar 229 M/A
32%
2009 - 2015 France SylvainDistin 210 D
32%
2017 - 2020 Angleterre TheoWalcott 85 A
32%
2004 - 2012 Australie TimCahill 278 M
32%
2024 - 2025 Albanie ArmandoBroja 11 A
27%
2024 - Argentine CarlosAlcaraz 17 M
27%
2019 - 2020 France DjibrilSidibé 28 D
27%
2022 - Angleterre DwightMcNeil 103 A
27%
2017 - 2018 France EliaquimMangala 2 D
27%
2024 - Irlande JakeO'Brien 24 D
27%
2024 - 2025 Belgique OrelMangala 21 M
27%
2016 - 2019 Nigéria AdemolaLookman 48 A
23%
2016 - 2018 Pays De Galles AshleyWilliams 73 D
23%
2021 - 2023 Bosnie AsmirBegovic 10 G
23%
2022 - 2023 Angleterre ConorCoady 25 D
23%
2024 - 2025 Norvège JesperLindstrom 29 A
23%
2018 - 2019 France KurtZouma 36 D
23%
2016 - 2023 Angleterre MasonHolgate 149 D
23%
2004 - 2011 Espagne MikelArteta 209 M
23%
2016 - 2020 France MorganSchneiderlin 88 M
23%
2021 - Écosse NathanPatterson 59 D
23%
2014 - 2018 Angleterre AaronLennon 77 A
18%
2013 - 2016 Irlande AidenMcGeady 43 A
18%
2021 - 2023 Angleterre AndrosTownsend 27 A
18%
2013 - 2015 Paraguay AntolínAlcaraz 21 D
18%
2023 - 2024 Pays - Bas ArnautDanjuma 20 A
18%
2020 - 2024 Angleterre BenGodfrey 93 D
18%
2018 - 2021 Brésil Bernard 84 M
18%
2017 - 2018 Pays - Bas DavyKlaassen 16 M
18%
2016 - 2017 Equateur EnnerValencia 23 A
18%
2019 - 2022 Angleterre FabianDelph 41 M
18%
2014 - 2015 Pays De Galles GethinJones 1 D
18%
2023 - 2025 Angleterre JackHarrison 73 A
18%
2022 - Angleterre JamesGarner 84 M
18%
2020 - 20212023 - 2025 Portugal JoaoVirgínia 8 G
18%
2002 - 2016 Angleterre LeonOsman 433 M
18%
2016 - 2020 Pays - Bas MaartenStekelenburg 26 G
18%
2015 - 2023 Angleterre TomDavies 179 M
18%
2023 - 2025 Portugal YoussefChermiti 24 A
18%
2013 - 2017 CoteD'ivoire ArounaKoné 62 A
14%
2017 - 2018 Curacao CucoMartina 28 D
14%
2013 - 20142015 - 2017 Espagne GerardDeulofeu 75 A
14%
2013 - 2019 Irlande JamesMcCarthy 133 M
14%
2013 - 2018 Espagne JoelRobles 65 G
14%
2021 - 20222023 - 2024 Angleterre LewisDobbin 20 A
14%
2008 - 2012 France LouisSaha 115 A
14%
2014 - 2018 Bosnie MuhamedBesic 56 M
14%
2017 - 2018 Croatie NikolaVlasic 19 M
14%
2015 - 20162017 - 2020 Sénégal OumarNiasse 42 A
14%
2005 - 2013 Angleterre PhilNeville 303 D/M
14%
2015 - 2018 Argentine RamiroFunes Mori 67 D
14%
2021 - 2023 Venezuela SalomónRondón 31 A
14%
2014 - 2015 Cameroun SamuelEto'o 20 A
14%
2017 - 2018 Espagne SandroRamírez 16 A
14%
2012 - 2017 CostaRica BryanOviedo 68 D
9%
2014 - 2015 Ghana ChristianAtsu 13 A
9%
2021 - 2022 Pays - Bas DonnyVan De Beek 7 M
9%
2007 - 2012 Angleterre JackRodwell 109 M
9%
2019 -2022 CoteD'ivoire Jean - PhilippeGbamin 8 M
9%
2009 - 2014 Pays - Bas JohnnyHeitinga 140 D
9%
2013 - 2014 CoteD'ivoire LacinaTraore 2 A
9%
2024 - Angleterre RomanDixon 3 D
9%
2022 - 2023 Portugal RubenVinagre 4 D
9%
2024 - Angleterre TimIroegbunam 21 M
9%
2011 - 2017 Irlande DarronGibson 69 M
5%
2021 - 2023 Angleterre EllisSimms 12 A
5%
2011 - 2012 États - Unis LandonDonovan 9 A
5%
2020 - 2021 France NielsNkounkou 7 D
5%
2011 - 2014 Croatie NikicaJelavic 69 A
5%
2021 - 2024 Angleterre ReeceWelch 4 D
5%
2015 - 2017 Angleterre TomCleverley 42 M
5%
2020 - 2022 Angleterre TylerOnyango 4 M
5%
2005 - 2013 Nigéria VictorAnichebe 168 A
5%
2009 - 2011 Angleterre AdamForshaw 2 M
0%
2017 - 2018 Angleterre AlexDenny 1 M
0%
2021 - 2022 Pays - Bas AnwarEl Ghazi 2 A
0%
2010 - 2013 Grèce ApostolosVellios 24 A
0%
2017 - 2018 RépubliqueDémocratique Du Congo BeniBaningime 12 M
0%
2014 - 2016 Zimbabwe BrendanGalloway 21 D
0%
2015 - 2016 Angleterre CallumConnolly 1 M
0%
2014 - 2015 Angleterre ChrisLong 1 A
0%
2011 - 20122014 - 2015 Angleterre ConorMcAleny 3 A
0%
2011 - 2012 Argentine DenisStracqualursi 28 A
0%
2009 - 2012 Russie DiniyarBilyaletdinov 77 M
0%
2012 - 2013 Guinée -Bissau FranciscoJúnior 1 M
0%
2017 - 2018 Écosse FraserHornby 1 A
0%
2024 - 2025 Angleterre HarrisonArmstrong 6 M
0%
2017 - 2018 Irlande HarryCharsley 1 M
0%
2021 - 2023 Angleterre IsaacPrice 3 M
0%
2011 - 2012 Écosse JamesMcFadden 8 A
0%
2004 - 2011 Angleterre JamesVaughan 61 A
0%
2010 - 2013 Slovaquie JanMucha 10 G
0%
2010 - 2011 Jamaique JermaineBeckford 40 A
0%
2015 - 20192020 - 2022 Angleterre JonjoeKenny 69 D
0%
2008 - 2012 Angleterre JoseBaxter 15 M
0%
2020 - 2021 Norvège JoshuaKing 11 A
0%
2014 - 20162018 - 2019 Angleterre KieranDowell 5 M
0%
2023 - 2024 Angleterre LewisWarrington 2 M
0%
2022 - 2023 Angleterre LewisWarrington 1 M
0%
2013 - 2015 Angleterre LukeGarbutt 12 D
0%
2015 - 2017 Angleterre MatthewPennington 9 D
0%
2017 - 2018 Angleterre MorganFeeney 2 D
0%
2017 - 20182020 - 2021 Pays De Galles NathanBroadhead 2 A
0%
2011 - 2012 Pays - Bas RoystonDrenthe 27 M
0%
2014 - 2015 Angleterre RyanLedson 1 M
0%
2011 - 2013 Irlande ShaneDuffy 8 D
0%
2022 - 2023 Angleterre StanleyMills 2 A
0%
2012 - 2016 Écosse StevenNaismith 123 A
0%
2020 - 2021 Angleterre ThierrySmall 1 D
0%
2022 - 2023 Irlande ThomasCannon 3 A
0%
2012 - 2013 Allemagne ThomasHitzlsperger 9 M
0%
2000 - 2016 Angleterre TonyHibbert 329 D
0%
2014 - 2016 Chine TyiasBrowning 9 D
0%
2007 - 2011 Nigéria YakubuAiyegbeni 107 A
0%
Aucun quiz correspondant
Distribution des résultats
% des personnes avec chaque résultat
Percentile par nombre de réponses
Votre historique - résultats
Vous n’avez pas pris ce quiz depuis la dernière actualisation